[Event "18th Brasschaat Open 2018"]
[Site "Brasschaat"]
[Date "2018.08.25"]
[Round "8"]
[White "Busschots, Johan"]
[Black "Mitran, Anthony Cristian"]
[Result "1-0"]
[WhiteElo "1823"]
[BlackElo "2096"]
[Annotator "NA RC"]
[PlyCount "90"]
[EventDate "2018.08.18"]
[EventType "swiss"]
[EventCountry "BEL"]
[SourceTitle "playchess.com"]
[Source "ChessBase"]
[SourceQuality "1"]
[TimeControl "40/5400+30:1800+30"]

1. d4 {[%emt 0:00:00]} d6 {[%emt 0:00:00]} 2. c4 {[%emt 0:00:29]} g6 {[%emt 0:00:00]} 3. Nc3 {[%emt 0:00:28]} Bg7 {[%emt 0:00:00]} 4. e4 {[%emt 0:00:39]} Nd7 {[%emt 0:00:00]} 5. Be2 {[%emt 0:05:40]} e6 {[%emt 0:02:26] LiveBook: 5 Games A42: Modern Defence: Averbakh Variation} 6. f4 {[%emt 0:03:25]} Ne7 {[%emt 0:01:12]} 7. Nf3 {[%emt 0:00:28]} O-O {[%emt 0:00:29]} 8. O-O {[%emt 0:00:27]} c6 {[%emt 0:24:13]} 9. Be3 {[%emt 0:01:36]} d5 $146 {[%emt 0:02:34]} ({Predecessor:} 9... h6 10. e5 d5 11. cxd5 Nxd5 12. Nxd5 cxd5 13. Qd2 Re8 {1-0 (29) Becker,M (2381)-Birkenmaier,R (2125) Oberhausen 2007}) 10. cxd5 {[%emt 0:03:45]} exd5 {[%emt 0:00:48]} 11. e5 {[%emt 0:00:36]} b6 {[%emt 0:05:10]} 12. b4 {[%emt 0:03:19]} Bb7 {[%emt 0:02:23]} 13. Qb3 {[%emt 0:07:22]} Rb8 {[%emt 0:07:00]} 14. Qc2 {[%emt 0:08:07]} Re8 {[%emt 0:03:19]} 15. Bd3 {[%emt 0:07:45]} Nf8 {[%emt 0:03:03]} 16. g4 {[%emt 0:02:52]} Bh6 {[%emt 0:01:50]} 17. Qd2 {[%emt 0:07:21]} Bc8 {[%emt 0:03:21]} 18. h3 {[%emt 0:00:15]} Kh8 {[%emt 0:11:26]} 19. Ne2 {[%emt 0:06:09]} Bg7 {[%emt 0:02:32]} 20. Ng3 {[%emt 0:01:13]} f6 {[%emt 0:00:56]} 21. f5 {[%emt 0:05:37]} c5 {[%emt 0:05:11]} 22. e6 {[%emt 0:02:57]} c4 {[%emt 0:01:19]} 23. Bc2 {[%emt 0:00:38]} Ba6 {[%emt 0:04:24]} 24. Rfc1 {[%emt 0:05:21]} Rc8 {[%emt 0:00:29]} 25. Ba4 {[%emt 0:03:09]} b5 {[%emt 0:00:00]} 26. Bc2 {[%emt 0:00:14]} c3 {[%emt 0:00:38]} 27. Qf2 $18 {[%emt 0:00:53]} Qd6 {[%emt 0:04:13]} 28. a3 {[%emt 0:00:27]} Bb7 {[%emt 0:00:24]} 29. Ne2 {[%emt 0:01:34]} a5 {[%emt 0:00:01]} 30. Bf4 {[%emt 0:00:25]} Qb6 {[%emt 0:00:29]} 31. Bd3 {[%emt 0:03:12]} gxf5 {[%emt 0:05:47]} 32. gxf5 {[%emt 0:00:08]} axb4 {[%emt 0:01:21]} 33. axb4 {[%emt 0:00:13]} Nxf5 {[%emt 0:00:31]} 34. Bxf5 {[%emt 0:00:33]} Nxe6 {[%emt 0:00:00]} 35. Qh4 {[%emt 0:02:37]} Kg8 {[%emt 0:00:02]} 36. Qxh7+ {[%emt 0:02:22]} Kf8 {[%emt 0:00:01]} 37. Kh1 {[%emt 0:05:15]} Nxf4 {[%emt 0:02:44]} 38. Nxf4 {[%emt 0:00:17]} Rc7 {[%emt 0:00:49]} 39. Ng6+ {[%emt 0:00:39]} Kf7 {[%emt 0:00:03]} 40. Qh5 {[%emt 0:01:10]} Kg8 {[%emt 0:00:27]} 41. Re1 {[%emt 0:36:14]} Bc6 {[%emt 0:32:06]} 42. Be6+ {[%emt 0:03:37]} Rxe6 {[%emt 0:00:01]} 43. Rxe6 {[%emt 0:00:02]} Kf7 {[%emt 0:00:55]} 44. Nf4+ {[%emt 0:00:00]} Kf8 {[%emt 0:00:00]} 45. Ra8+ {[%emt 0:00:00]} Bxa8 {[%emt 0:00:00]} 1-0

[Event "18th Brasschaat Open 2018"]
[Site "Brasschaat"]
[Date "2018.08.25"]
[Round "8"]
[White "Vande Ginste, Michiel"]
[Black "De Block, Fabio"]
[Result "0-1"]
[WhiteElo "1762"]
[BlackElo "1956"]
[Annotator "NA RC"]
[PlyCount "92"]
[EventDate "2018.08.18"]
[EventType "swiss"]
[EventCountry "BEL"]
[SourceTitle "playchess.com"]
[Source "ChessBase"]
[SourceQuality "1"]
[TimeControl "40/5400+30:1800+30"]

1. e4 {[%emt 0:00:00]} c6 {[%emt 0:00:00]} 2. d4 {[%emt 0:00:00]} d5 {[%emt 0:00:00]} 3. Nc3 {[%emt 0:00:00]} dxe4 {[%emt 0:00:13]} 4. Nxe4 {[%emt 0:00:00]} Nd7 {[%emt 0:00:05]} 5. Nf3 {[%emt 0:00:00]} Ngf6 {[%emt 0:00:10]} 6. Nxf6+ {[%emt 0:00:00]} Nxf6 {[%emt 0:00:05]} 7. Ne5 {[%emt 0:00:00]} Bf5 {[%emt 0:01:55]} 8. c3 {[%emt 0:00:12]} e6 {[%emt 0:00:38] [#] LiveBook: 22 Games} (8... Nd5 $14) 9. g4 $1 {[%emt 0:00:06]} Qd5 {[%emt 0:06:52]} 10. Rg1 {[%emt 0:02:54]} Bg6 {[%emt 0:03:53]} 11. h4 {[%emt 0:02:50]} h5 {[%emt 0:04:35]} 12. Nxg6 {[%emt 0:01:12]} fxg6 {[%emt 0:05:19]} 13. Bg2 {[%emt 0:00:50]} Qd7 {[%emt 0:01:22]} 14. g5 {[%emt 0:00:35]} Nd5 $16 {[%emt 0:00:36]} 15. Qd3 {[%emt 0:01:58]} Ne7 {[%emt 0:01:05]} 16. Be4 {[%emt 0:03:51]} Nf5 {[%emt 0:00:30]} 17. Rh1 {[%emt 0:03:31]} O-O-O {[%emt 0:00:59]} 18. Bf4 {[%emt 0:04:11]} Bd6 {[%emt 0:02:31]} 19. Be3 {[%emt 0:02:00]} e5 {[%emt 0:09:21]} 20. d5 {[%emt 0:06:15]} c5 {[%emt 0:09:56]} 21. c4 {[%emt 0:08:41]} Rhf8 {[%emt 0:01:55]} 22. O-O-O {[%emt 0:02:54]} Kb8 {[%emt 0:04:43]} 23. Kb1 {[%emt 0:02:06]} Rc8 {[%emt 0:02:17]} 24. Bd2 {[%emt 0:25:35]} Ka8 {[%emt 0:11:51]} 25. Bc3 {[%emt 0:01:26]} b5 {[%emt 0:04:46]} 26. b3 {[%emt 0:00:25]} b4 {[%emt 0:00:16]} 27. Bb2 {[%emt 0:00:08]} a5 {[%emt 0:00:40]} 28. Rde1 {[%emt 0:06:42]} Rce8 {[%emt 0:03:40]} 29. Qd2 {[%emt 0:05:56]} a4 {[%emt 0:05:19]} 30. Bg2 {[%emt 0:06:29]} axb3 {[%emt 0:02:11]} 31. axb3 {[%emt 0:00:07]} Kb7 {[%emt 0:00:50]} 32. Re4 {[%emt 0:01:23]} Kb6 {[%emt 0:01:28]} 33. Rhe1 {[%emt 0:01:04]} Nd4 {[%emt 0:03:36]} 34. Bxd4 {[%emt 0:01:15]} cxd4 {[%emt 0:00:19]} 35. f4 {[%emt 0:03:53]} Ra8 {[%emt 0:04:28]} 36. fxe5 {[%emt 0:01:05]} Bc5 {[%emt 0:00:30]} 37. R1e2 {[%emt 0:06:33]} d3 {[%emt 0:00:47]} 38. Qxd3 {[%emt 0:01:53]} Qa7 {[%emt 0:00:05]} 39. Kc1 {[%emt 0:00:12]} Qa1+ {[%emt 0:01:15]} 40. Qb1 {[%emt 0:00:12]} Qc3+ {[%emt 0:00:10]} 41. Rc2 {[%emt 0:30:37]} Be3+ {[%emt 0:30:13]} 42. Rxe3 {[%emt 0:00:00]} Qxe3+ {[%emt 0:00:00]} 43. Rd2 {[%emt 0:00:00]} Qc3+ {[%emt 0:00:00]} 44. Rc2 {[%emt 0:00:00]} Qe1+ {[%emt 0:00:00]} 45. Kb2 {[%emt 0:00:00]} Qxe5+ {[%emt 0:00:00]} 46. Kc1 {[%emt 0:00:00]} Ra1 {[%emt 0:00:00]} 0-1

[Event "18th Brasschaat Open 2018"]
[Site "Brasschaat"]
[Date "2018.08.26"]
[Round "9"]
[White "Dgebuadze, Alexandre"]
[Black "Tikranian, Alik"]
[Result "1-0"]
[WhiteElo "2511"]
[BlackElo "2295"]
[Annotator "TA"]
[PlyCount "101"]
[EventDate "2018.08.18"]
[EventType "swiss"]
[EventCountry "BEL"]
[SourceTitle "playchess.com"]
[Source "ChessBase"]
[SourceQuality "1"]

{[%evp 10,101,5,-13,15,15,20,21,23,-8,22,9,31,27,20,31,31,34,34,33,32,35,46,46,39,35,32,26,46,48,47,43,43,45,82,64,71,60,70,54,70,18,18,18,18,20,29,0,0,0,0,0,0,0,0,0,0,0,0,0,0,0,92,0,0,0,0,0,391,305,416,298,7761,8263,1100,1344,12841,12833,12842,12843,12843,12843,12844,12844,12845,12846,29988,29989,29989,29989,29990,29991,29991,29991]} 1. c4 Nf6 2. Nc3 e6 3. Nf3 d5 4. e3 Be7 5. d4 O-O 6. a3 {LiveBook: 76 Games. D37: Queen's Gambit Declined: 5 Bf4} (6. h3 b6 7. Bd3 Bb7 8. O-O dxc4 9. Bxc4 Nbd7 10. Qe2 c5 11. Rd1 Qc7 12. e4 cxd4 13. Nxd4 a6 {0-1 (58) Kramnik,V (2792)-Karjakin,S (2782) Paris 2018}) 6... a5 7. Bd3 Nbd7 8. O-O {The position is equal.} b6 9. Qc2 Bb7 10. cxd5 exd5 11. Ne5 c5 12. f4 $146 ({Predecessor:} 12. Rd1 h6 13. Bf5 Bd6 14. Nxd7 Nxd7 15. dxc5 Nxc5 {0-1 (33) Adly,A (2217)-Lopez Ataneh,A Oropesa del Mar 2000}) 12... Rc8 13. Nxd7 Qxd7 14. Bf5 Qc6 15. Bxc8 Qxc8 16. Bd2 {[%cal Bc1d2,Bd2e1,Be1h4][%mdl 32]} Re8 17. Rac1 c4 18. Be1 Bf8 19. Rf3 Bc6 20. f5 b5 21. Bh4 Ne4 22. Nxe4 Rxe4 23. Be1 b4 24. axb4 axb4 25. b3 (25. f6 $14) 25... Bb5 $11 26. bxc4 Bxc4 27. Rb1 Qe8 28. Bxb4 (28. Kf2 {seems wilder.} b3 29. Rxb3 Bxb3 30. Qxb3 Qc6 31. Kg1) 28... Bxb4 29. Rxb4 Rxe3 30. Rxc4 dxc4 31. Qxc4 Rxf3 32. gxf3 {[%mdl 4096] Endgame KQ-KQ} Qe3+ 33. Kg2 {White wants to mate with Qc8+.} Qd2+ 34. Kh3 {[%cal Rc4c8]} g6 35. d5 Qg5 (35... Qh6+ $11 36. Qh4 Qd2) 36. Qd3 (36. fxg6 $16 Qh5+ 37. Kg2 Qxg6+ 38. Kf2) 36... Qh6+ 37. Kg2 Qg5+ 38. Kf1 gxf5 $2 {[%mdl 8192]} (38... Qc1+ $11 {and Black has nothing to worry.} 39. Kf2 Qh6) 39. d6 $18 {Black must now prevent d7.} Qc1+ {[#]} 40. Ke2 $1 {Hoping for d7.} Qb2+ $2 {[#]} (40... Kf8 41. Qd4 (41. Qxf5 Qb2+ 42. Kf1 Qc1+ 43. Kg2 Qd2+ 44. Kh3 Qxd6 $11) 41... Qc2+ 42. Ke3 Qb3+ 43. Kf4 Ke8 44. Qe5+ Qe6 45. Qxe6+ fxe6) 41. Qd2 $1 {[%cal Rd2b2]} Qb5+ 42. Kf2 Kf8 43. Qh6+ Ke8 44. Qe3+ Kf8 45. Qe7+ Kg7 46. d7 Qb2+ 47. Kg3 {Qg5+ would kill now.} f4+ 48. Kh3 {White mates.} Qb5 49. d8=Q {[%csl Gd8][%cal Re7f6]} Qf1+ 50. Kg4 {[%cal Re7g5]} h5+ 51. Kxf4 {Precision: White = 71%, Black = 56%.} 1-0

[Event "18th Brasschaat Open 2018"]
[Site "Brasschaat"]
[Date "2018.08.26"]
[Round "9"]
[White "Docx, Stefan"]
[Black "Kazarian, Anna-Maja"]
[Result "1-0"]
[WhiteElo "2444"]
[BlackElo "2183"]
[Annotator "TA"]
[PlyCount "147"]
[EventDate "2018.08.18"]
[EventType "swiss"]
[EventCountry "BEL"]
[SourceTitle "playchess.com"]
[Source "ChessBase"]
[SourceQuality "1"]

{[%evp 17,147,12,15,14,7,20,87,102,90,92,92,102,107,113,106,112,105,112,104,101,166,156,151,133,247,243,302,287,285,243,226,193,189,181,177,128,226,-45,-38,-43,-42,-51,16,0,126,59,59,65,253,272,247,232,352,311,383,364,351,281,388,354,546,545,487,502,476,472,468,447,665,637,614,584,3406,2803,2334,1226,29941,29948,29954,29954,29958,29959,29960,29958,29960,29959,29959,29961,29962,4602,29964,29965,29965,29966,29964,29966,29970,29971,29972,29973,29973,29972,29974,29975,29975,29976,29976,29977,29977,29978,29977,29978,29978,29979,29979,29980,29980,29981,29981,29982,29982,29983,29984,29984,29985,29986,29986,29985,29985,29986,29986,29986]} 1. d4 Nf6 2. c4 e6 3. Nf3 d5 4. g3 Bb4+ 5. Bd2 Be7 6. Bg2 O-O 7. O-O b6 8. Nc3 Bb7 9. Ne5 Nbd7 {LiveBook: 11 Partien} 10. Rc1 {E16: Damenindisch (Hauptfortsetzung mit Lb4)} (10. Qa4 Nxe5 11. dxe5 Nd7 12. cxd5 Nxe5 13. d6 Qxd6 14. Bxb7 Qxd2 15. Bxa8 Qxb2 16. Rac1 b5 17. Qxa7 Bb4 18. Nxb5 Qxe2 19. Nd4 Qh5 20. Rxc7 Bd6 21. Rc2 Ng4 22. Nf3 f5 23. Qd7 {1-0 (23) Shimanov,A (2646)-Petrova,I (2155) St Petersburg 2017}) 10... c5 11. Bf4 Ne4 (11... Rc8 $11) 12. Nxe4 $16 {Weiß steht besser.} dxe4 13. Nxd7 Qxd7 14. dxc5 Qxd1 15. Rfxd1 Bxc5 16. Rd7 $1 {[%cal Rd7b7]} Bc6 $146 ({Vorgänger:} 16... Bc8 17. Rc7 f5 18. Rd1 {1-0 (32) Niksic,J (1950)-Daroza,E (2137) Vancouver 2008}) 17. Rc7 Rac8 18. Rxa7 Rfd8 (18... f5 $16) 19. a3 $18 Bd4 20. b4 {[%cal Bb2b4,Bb4b5][%mdl 32]} e5 (20... b5 $16 {war angesagt.} 21. Ra5 bxc4) 21. Bd2 Bxf2+ 22. Kxf2 Rxd2 23. b5 Rd7 24. Rxd7 Bxd7 {[%mdl 4096] Endspiel KTL-KTL} 25. a4 (25. Bxe4 $6 Bxb5 26. Rb1 Bxc4 $14) 25... f5 {[#]} 26. g4 $1 {[%cal Rg4f5][%mdl 512] Schwarz muss nun gxf5 beachten.} g6 (26... Ra8 $16) (26... fxg4 27. c5) 27. Rd1 $2 (27. gxf5 $18 gxf5 28. c5 $1 {[%mdl 512]}) 27... Be6 $15 28. gxf5 gxf5 29. Rd6 Bxc4 ({Besser ist} 29... Kf7 $1 $15) 30. Rxb6 {zielt auf Tf6 ab.} Ra8 {[#]} (30... Bd5 $11) 31. Bh3 (31. Rc6 $1 $16 {[%cal Rc6c4]} Bd5 32. Rc5 e3+ 33. Kf1 Bxg2+ 34. Kxg2 Rxa4 35. Rxe5) 31... Rxa4 $14 {Droht stark ...e3+!} 32. Bxf5 {Droht Tb8+ und aus.} Ra2 $2 (32... Kf7 $14) 33. Be6+ $18 (33. Bxe4 Rxe2+ 34. Kf3 Rxh2 $11) 33... Bxe6 34. Rxe6 {KT-KT} Rb2 (34... Kf7 $142 35. Rxe5 Kf6) 35. Rxe5 Kf7 36. Ke3 Rb4 37. h4 {[%cal Bh2h4,Bh4h5][%mdl 32]} (37. Rxe4 Rxb5 38. Kf4 Rh5 $16) 37... Kf6 38. Rc5 Kg6 (38... Ke6 {ist wohl besser.} 39. Rh5 Kf6) 39. h5+ Kf6 40. Kf4 Ke6 41. e3 Kd6 42. Re5 h6 (42... Rb1 $142 43. Rg5 (43. Rxe4 Rxb5 44. Kg4 Ra5 $16) 43... Rb2 44. Kxe4 Rb4+ 45. Kf3 Rb2) 43. Rf5 Ke6 44. Rc5 Kd6 45. Rc6+ Kd5 46. Rxh6 Rxb5 47. Rh8 Ke6 48. h6 Kf7 49. Kxe4 Kg6 50. Kd4 Rb4+ 51. Kd5 Rb5+ 52. Kc4 Re5 53. Kd4 Ra5 54. e4 {Weiß setzt Matt.} Ra4+ 55. Ke5 Ra5+ 56. Kf4 Ra4 57. h7 Kg7 {[#]} 58. Rg8+ $1 Kxh7 59. Rg1 Ra8 60. Kf5 Rf8+ 61. Ke6 Ra8 62. e5 {[%cal Be4e5,Be5e6,Be6e7][%mdl 32]} Ra6+ 63. Kf7 Ra7+ 64. Kf6 Ra2 65. e6 Rf2+ 66. Ke7 Re2 67. Kf7 Rf2+ 68. Ke8 Ra2 69. e7 Ra3 70. Re1 Kg7 71. Kd7 Ra7+ 72. Kd6 Ra6+ 73. Kc5 Ra5+ 74. Kb6 {Precision: Weiß = 73%, Schwarz = 41%.} 1-0

[Event "18th Brasschaat Open 2018"]
[Site "Brasschaat"]
[Date "2018.08.26"]
[Round "9"]
[White "Draftian, Ashote"]
[Black "Busschots, Johan"]
[Result "0-1"]
[WhiteElo "2247"]
[BlackElo "1823"]
[Annotator "NA"]
[PlyCount "41"]
[EventDate "2018.08.18"]
[EventType "swiss"]
[EventCountry "BEL"]
[SourceTitle "playchess.com"]
[Source "ChessBase"]
[SourceQuality "1"]
[TimeControl "40/5400+30:1800+30"]

1. e4 {[%emt 0:26:26]} e6 {[%emt 0:00:00]} 2. Nc3 {[%emt 0:02:50]} d5 {[%emt 0:00:34]} 3. d4 {[%emt 0:00:59]} Bb4 {[%emt 0:00:14]} 4. e5 {[%emt 0:01:21]} c5 {[%emt 0:00:10]} 5. Bd2 {[%emt 0:01:57]} Ne7 {[%emt 0:01:23]} 6. Nb5 {[%emt 0:01:32]} Bxd2+ {[%emt 0:00:35]} 7. Qxd2 {[%emt 0:00:06]} O-O {[%emt 0:00:14]} 8. dxc5 {[%emt 0:00:52]} Nd7 {[%emt 0:01:51]} 9. Qc3 {[%emt 0:01:15]} a6 {[%emt 0:01:53] C17: French: 3 Nc3 Bb4 4 e5 c5 sidelines} 10. Nd6 {[%emt 0:03:38]} Qc7 {[%emt 0:00:24]} (10... b6 11. cxb6 Qxb6 12. Nf3 Ng6 13. Bd3 Ngxe5 14. Nxe5 Qxd6 15. f4 f6 16. Qc6 Qb4+ 17. c3 Nxe5 18. fxe5 Qxb2 {0-1 (25) Simonian,H (2445)-Mousavi,S (2422) Sareyn 2017}) 11. O-O-O {[%emt 0:14:17]} Qxc5 {[%emt 0:00:29]} 12. Qxc5 {[%emt 0:13:04]} Nxc5 {[%emt 0:00:11]} 13. f4 {[%emt 0:03:15]} f6 {[%emt 0:00:54]} 14. Nf3 {[%emt 0:01:17]} Nc6 $146 {[%emt 0:04:56]} ({Predecessor:} 14... b5 15. g3 Rb8 16. exf6 gxf6 17. Bh3 {½-½ (48) Sacerdotali,S (2095)-Kroes,F (2088) LSS email 2009}) 15. Be2 {[%emt 0:05:22]} fxe5 {[%emt 0:01:06]} 16. fxe5 {[%emt 0:00:43]} Nd7 {[%emt 0:02:15]} 17. Rhe1 {[%emt 0:13:03]} Ndxe5 {[%emt 0:04:32]} 18. Nxe5 {[%emt 0:00:38]} Nxe5 {[%emt 0:01:56]} 19. Bh5 {[%emt 0:01:07]} Nc6 {[%emt 0:03:12]} 20. Bg4 {[%emt 0:01:47]} Nd8 $1 {[%emt 0:03:19]} 21. c3 $11 {[%emt 0:00:00]} 0-1

[Event "18th Brasschaat Open 2018"]
[Site "Brasschaat"]
[Date "2018.08.26"]
[Round "9"]
[White "Dauw, Sterre"]
[Black "Pirard, Natan"]
[Result "1/2-1/2"]
[WhiteElo "2192"]
[BlackElo "2067"]
[Annotator "NA"]
[PlyCount "139"]
[EventDate "2018.08.18"]
[EventType "swiss"]
[EventCountry "BEL"]
[SourceTitle "playchess.com"]
[Source "ChessBase"]
[SourceQuality "1"]
[TimeControl "40/5400+30:1800+30"]

1. e4 {[%emt 0:00:00]} c5 {[%emt 0:00:00]} 2. Nf3 {[%emt 0:00:00]} Nc6 {[%emt 0:00:00]} 3. Bb5 {[%emt 0:00:00]} g6 {[%emt 0:00:00]} 4. Bxc6 {[%emt 0:00:00]} dxc6 {[%emt 0:00:05]} 5. h3 {[%emt 0:00:00]} Bg7 {[%emt 0:00:06]} 6. d3 {[%emt 0:00:06]} Nf6 {[%emt 0:01:06]} 7. O-O {[%emt 0:00:22]} Nd7 {[%emt 0:01:47]} 8. Nc3 {[%emt 0:01:08]} e5 {[%emt 0:01:35]} 9. Be3 {[%emt 0:00:08]} Qe7 {[%emt 0:00:52]} 10. Qd2 {[%emt 0:01:01]} O-O {[%emt 0:13:32]} 11. a3 {[%emt 0:02:45] B31: Sicilian: 2...Nc6 3 Bb5 g6} (11. Nh2 Re8 12. f4 exf4 13. Bxf4 Nf8 14. Bh6 Bd4+ 15. Kh1 Be6 16. Rae1 c4 17. Nf3 Bh8 18. d4 b5 {½-½ (40) Halkias,S (2585)-Naiditsch,A (2687) Tallinn 2016}) 11... Rd8 {[%emt 0:06:23]} 12. b4 {[%emt 0:17:48]} b5 $146 {[%emt 0:31:25]} ({Predecessor:} 12... cxb4 13. axb4 Qxb4 14. Bxa7 b6 15. Ra4 Qe7 16. Rfa1 Bb7 17. Qe3 b5 18. R4a2 Qb4 {½-½ (42) Dragnev,V (2371)-Drozdowski,K (2457) Ceske Budejovice 2015}) 13. Rfb1 {[%emt 0:23:49]} Bb7 {[%emt 0:03:28]} 14. Ne2 {[%emt 0:10:35]} cxb4 {[%emt 0:18:15]} 15. Qxb4 {[%emt 0:00:54]} Qxb4 {[%emt 0:10:04]} 16. axb4 {[%emt 0:00:14]} a6 {[%emt 0:00:11]} 17. Nc1 {[%emt 0:01:00]} c5 {[%emt 0:01:13]} 18. bxc5 {[%emt 0:00:53]} Rac8 {[%emt 0:00:42]} 19. Nb3 {[%emt 0:00:38]} Bf8 {[%emt 0:00:32]} 20. c6 {[%emt 0:02:47]} Bxc6 {[%emt 0:05:09]} 21. Rxa6 {[%emt 0:00:16]} b4 {[%emt 0:00:50]} 22. Ra5 {[%emt 0:01:25]} f6 {[%emt 0:01:35]} 23. Nfd2 {[%emt 0:03:53]} Ra8 {[%emt 0:00:48]} 24. Rba1 {[%emt 0:04:35]} Rdc8 {[%emt 0:00:45]} 25. Rxa8 {[%emt 0:01:05]} Rxa8 {[%emt 0:00:42]} 26. Rxa8 {[%emt 0:00:07]} Bxa8 {[%emt 0:00:01]} 27. Nc4 {[%emt 0:01:06]} Bc6 {[%emt 0:00:16]} 28. Kf1 {[%emt 0:01:45]} Kf7 {[%emt 0:00:46]} 29. Nb6 {[%emt 0:00:31]} Nxb6 {[%emt 0:00:53]} 30. Bxb6 {[%emt 0:00:07]} Ba4 {[%emt 0:00:31]} 31. Ke2 {[%emt 0:00:08]} Ke6 {[%emt 0:00:12]} 32. Kd2 {[%emt 0:00:58]} f5 {[%emt 0:00:54]} 33. Bc5 {[%emt 0:04:03]} Bh6+ {[%emt 0:00:28]} 34. Kd1 {[%emt 0:02:13]} fxe4 {[%emt 0:00:14]} 35. dxe4 {[%emt 0:00:16]} Bc6 {[%emt 0:01:06]} 36. Bxb4 {[%emt 0:05:54]} Bxe4 {[%emt 0:00:19]} 37. Nc5+ {[%emt 0:00:05]} Kd5 {[%emt 0:00:26]} 38. Nxe4 {[%emt 0:00:42]} Kxe4 {[%emt 0:00:02]} 39. Ke2 {[%emt 0:00:12]} Kd4 {[%emt 0:00:53]} 40. Bd2 {[%emt 0:01:32]} Bf8 {[%emt 0:00:55]} 41. f3 {[%emt 0:32:21]} e4 {[%emt 0:06:26]} 42. Be3+ {[%emt 0:00:00]} Kd5 {[%emt 0:02:15]} 43. c4+ {[%emt 0:00:00]} Kxc4 {[%emt 0:04:00]} 44. fxe4 {[%emt 0:00:00]} Bg7 {[%emt 0:01:34]} 45. Kf3 {[%emt 0:00:00]} Kb5 {[%emt 0:00:11]} 46. Kg4 {[%emt 0:00:00]} Kc6 {[%emt 0:00:32]} 47. Kg5 {[%emt 0:00:00]} Kd6 {[%emt 0:00:48]} 48. Bf4+ {[%emt 0:00:00]} Ke6 $16 {[%emt 0:00:15]} 49. g4 {[%emt 0:00:00]} Kf7 {[%emt 0:01:12]} 50. Kh4 {[%emt 0:00:00]} Ke6 {[%emt 0:01:53]} 51. Kg3 {[%emt 0:00:00]} Bf6 {[%emt 0:01:59]} 52. Kf3 {[%emt 0:00:00]} Bd4 {[%emt 0:00:50]} 53. Ke2 {[%emt 0:00:00]} Bg7 {[%emt 0:01:47]} 54. Kd3 {[%emt 0:00:00]} Bb2 {[%emt 0:00:11]} 55. Kc4 {[%emt 0:00:00]} Bg7 {[%emt 0:01:10]} 56. Be3 {[%emt 0:00:00]} Be5 {[%emt 0:01:16]} 57. Bd4 {[%emt 0:00:00]} Bd6 {[%emt 0:00:17]} 58. Bg7 {[%emt 0:00:00]} Bb8 {[%emt 0:00:40]} 59. Kc5 {[%emt 0:00:13]} Be5 {[%emt 0:00:38]} 60. Bf8 {[%emt 0:00:38]} Bf4 {[%emt 0:00:08]} 61. Kd4 {[%emt 0:00:44]} Be5+ {[%emt 0:00:30]} 62. Kd3 {[%emt 0:00:18]} Bf4 {[%emt 0:00:37]} 63. Bg7 {[%emt 0:00:07]} Bd6 {[%emt 0:00:22]} 64. Kd4 {[%emt 0:00:07]} Ba3 {[%emt 0:00:55]} 65. e5 {[%emt 0:00:15]} Bb2+ {[%emt 0:00:13]} 66. Ke4 {[%emt 0:00:07]} Bc1 {[%emt 0:00:14]} 67. h4 {[%emt 0:01:05]} Bb2 {[%emt 0:00:32]} 68. h5 {[%emt 0:00:09]} Bc1 {[%emt 0:00:22]} 69. Bf6 {[%emt 0:01:00]} Bb2 {[%emt 0:00:21]} 70. hxg6 {[%emt 0:00:20]} 1/2-1/2

[Event "18th Brasschaat Open 2018"]
[Site "Brasschaat"]
[Date "2018.08.26"]
[Round "9"]
[White "Den Hartog, Marijn"]
[Black "Grochal, Joey"]
[Result "0-1"]
[WhiteElo "2118"]
[BlackElo "2300"]
[Annotator "NA"]
[PlyCount "90"]
[EventDate "2018.08.18"]
[EventType "swiss"]
[EventCountry "BEL"]
[SourceTitle "playchess.com"]
[Source "ChessBase"]
[SourceQuality "1"]
[TimeControl "40/5400+30:1800+30"]

1. Nf3 {[%emt 0:00:00]} Nf6 {[%emt 0:00:00]} 2. c4 {[%emt 0:00:00]} e6 {[%emt 0:00:00]} 3. g3 {[%emt 0:00:00]} b6 {[%emt 0:00:52]} 4. Bg2 {[%emt 0:00:00]} Bb7 {[%emt 0:00:05]} 5. O-O {[%emt 0:00:13]} Be7 {[%emt 0:00:05]} 6. Nc3 {[%emt 0:00:20]} O-O {[%emt 0:00:30]} 7. Re1 {[%emt 0:00:03]} Ne4 {[%emt 0:00:20]} 8. Nxe4 {[%emt 0:03:25]} Bxe4 {[%emt 0:00:02]} 9. d3 {[%emt 0:00:03]} Bb7 {[%emt 0:00:20]} 10. Bf4 $146 {[%emt 0:02:38] A17: Englische Eröffnung} ({Vorgänger:} 10. e4 c5 11. d4 cxd4 12. Nxd4 d6 13. b3 a6 14. Bb2 Nd7 15. Qg4 Ne5 16. Qe2 Rc8 17. Rad1 Qc7 18. f4 Nc6 19. Nc2 Rfe8 20. Ne3 Bf8 {½-½ (43) Efimenko,Z (2636)-Johansson,L (2468) Germany 2018}) 10... c5 {[%emt 0:06:57]} 11. a3 {[%emt 0:08:58]} d6 {[%emt 0:15:40]} 12. b4 {[%emt 0:02:17]} Bf6 {[%emt 0:01:29]} 13. Ra2 {[%emt 0:01:54]} Nc6 {[%emt 0:03:34]} 14. Qb1 {[%emt 0:17:46]} Qd7 {[%emt 0:06:58]} 15. Rc1 {[%emt 0:12:31]} h6 {[%emt 0:06:12]} 16. Nd2 {[%emt 0:01:31]} Rab8 {[%emt 0:03:38]} 17. Ne4 {[%emt 0:00:31]} Be7 {[%emt 0:00:18]} 18. b5 {[%emt 0:05:44]} (18. bxc5 $14 bxc5 19. Rb2) 18... Nd4 {[%emt 0:01:46]} 19. Nc3 {[%emt 0:03:44]} g5 {[%emt 0:01:04]} 20. Be3 {[%emt 0:01:55]} f5 {[%emt 0:00:53]} 21. f4 {[%emt 0:02:18]} Kh7 {[%emt 0:04:31]} 22. Rf1 {[%emt 0:09:46]} Rg8 {[%emt 0:03:14]} 23. fxg5 {[%emt 0:01:13]} Bxg2 {[%emt 0:06:53]} 24. Kxg2 {[%emt 0:00:06]} Qb7+ {[%emt 0:00:05]} 25. Kg1 {[%emt 0:02:24]} Bxg5 {[%emt 0:02:39]} 26. Bxg5 {[%emt 0:00:07]} hxg5 {[%emt 0:01:53]} 27. Qd1 {[%emt 0:02:34]} g4 {[%emt 0:00:21]} 28. e4 {[%emt 0:02:58]} Nf3+ {[%emt 0:01:09]} 29. Rxf3 {[%emt 0:03:10]} gxf3 {[%emt 0:00:12]} 30. Qxf3 {[%emt 0:00:03]} Rg5 {[%emt 0:02:30]} 31. Qf4 {[%emt 0:02:06]} Qg7 {[%emt 0:01:45]} 32. Qxd6 {[%emt 0:03:10]} Qxc3 {[%emt 0:01:34]} 33. Qxb8 {[%emt 0:00:48]} Qxd3 {[%emt 0:00:13]} 34. Rf2 {[%emt 0:01:22]} Qxe4 {[%emt 0:04:33]} 35. Qf4 {[%emt 0:05:39]} Qxf4 {[%emt 0:05:23]} 36. Rxf4 {[%emt 0:00:04]} Rg7 {[%emt 0:00:12]} 37. Rh4+ {[%emt 0:01:31]} Kg6 {[%emt 0:00:10]} 38. Rh8 {[%emt 0:00:22]} Kf6 {[%emt 0:00:17]} 39. Kf2 {[%emt 0:00:24]} Rg4 {[%emt 0:02:52]} 40. Rh7 {[%emt 0:00:42]} Rxc4 {[%emt 0:00:10]} 41. Rxa7 {[%emt 0:30:03]} Rc2+ {[%emt 0:30:12]} 42. Kg1 {[%emt 0:00:23]} Ke5 {[%emt 0:01:54]} ({Better is} 42... e5 $17 43. Rb7 e4 44. Rxb6+ Ke5) 43. Rh7 {[%emt 0:00:00]} c4 {[%emt 0:00:00]} 44. h4 {[%emt 0:00:00]} Ra2 {[%emt 0:00:00]} 45. Rb7 {[%emt 0:00:00]} c3 $19 {[%emt 0:00:00]} 0-1